Rasčetnoje opredelenije polja skorostej v kamerach sgoranija dizelej

Podrobná bibliografia
Hlavní autori: Averin, S. A. (Autor), Kruglov, M. G. (Autor), Mednov, A. A. (Autor)
Médium: Článok
Jazyk:ruština
Fyzický popis:Obr. 1. Sch. 1. Grafy 2., lit. 5 zázn. v ruš., angl.
Predmet:

MARC

LEADER 00000nab a2200000 a 4500
001 vtls000384575
003 SK-MaSNL
005 20260318122101.0
008 160204c1988 xo 0 rus
015 |a SNBRA19rr/mm-uuuuu 
035 |a CL0384697 
040 |a SNKBUCL  |b slo  |c SNKBUCL  |e AACR2 
041 0 |a rus 
044 |a xo  |c SK 
080 |a 621.436.019.4:536.8  |2 1981 
080 |a 536.8  |2 1981 
080 |a 519.673  |2 1981 
100 1 |a Averin, S. A.  |4 aut  |9 1564403 
245 1 0 |a Rasčetnoje opredelenije polja skorostej v kamerach sgoranija dizelej  |c S. A. Averin, M. G. Kruglov, A. A. Mednov 
300 |b Obr. 1. Sch. 1. Grafy 2., lit. 5 zázn. v ruš., angl. 
650 0 7 |a naftové motory  |2 snkbucl  |9 69789 
650 0 7 |a matematické modelovanie  |2 snkbucl  |9 4279 
655 7 |a články zo zborníkov  |2 snkbucl  |9 166140 
700 1 |a Kruglov, M. G.  |4 aut  |9 1277884 
700 1 |a Mednov, A. A.  |4 aut  |9 1564404 
773 0 |t Motor sympo 88. 3  |d Žilina : Dom techniky ČSVTS, 1988  |g S. 732-742 
850 |a Slovenská národná knižnica v Martine  |a MTA001 
852 |a SNK  |b KIS3GCP 
958 |a NB 
958 |a RK 
992 |a RZB 
999 |c 3187113  |d 3189043